[Event "Newcastle EJCOA 1st"]
[Site "Newcastle on Tyne"]
[Date "2021.10.25"]
[Round "1"]
[White "Fitzsimons, David"]
[Black "Basman, Michael J"]
[Result "1-0"]
[WhiteElo "2334"]
[BlackElo "2273"]
[PlyCount "59"]
[EventDate "2021.10.25"]
[EventType "tourn"]
[EventRounds "9"]
[EventCountry "ENG"]
[EventCategory "1"]
[SourceTitle "CBM 204 Extra"]
[Source "ChessBase"]
[SourceDate "2021.11.30"]
[SourceVersion "1"]
[SourceVersionDate "2021.11.30"]
[SourceQuality "1"]

1. e4 c5 2. Nf3 e6 3. g3 g5 4. h3 h6 5. d4 cxd4 6. Nxd4 Bc5 7. Nb3 Bb6 8. Bg2 Nc6 9. Nc3 Qf6 10. Qe2 Nge7 11. Be3 Bc7 12. 0-0-0 Be5 13. Nb5 Ng6 14. Bc5 b6 15. Bd6 Bxd6 16. Nxd6+ Kf8 17. Rhf1 a5 18. f4 Ba6 19. c4 gxf4 20. Kb1 a4 21. Nc1 Nd4 22. e5 Nxe2 23. exf6 Nxc1 24. Bxa8 Ne2 25. gxf4 Nexf4 26. Rf3 e5 27. Ra3 Ne6 28. Rxa4 Nc5 29. Rb4 Kg8 30. Bd5 1-0

[Event "Newcastle Northumbria Masters"]
[Site "Newcastle on Tyne"]
[Date "2021.08.29"]
[Round "6"]
[White "Turner, Max N"]
[Black "Basman, Michael J"]
[Result "1-0"]
[WhiteElo "2182"]
[BlackElo "2289"]
[PlyCount "83"]
[EventDate "2021.08.26"]
[EventType "swiss"]
[EventRounds "9"]
[EventCountry "ENG"]
[SourceTitle "CBM 204 Extra"]
[Source "ChessBase"]
[SourceDate "2021.11.30"]
[SourceVersion "1"]
[SourceVersionDate "2021.11.30"]
[SourceQuality "1"]

1. d4 h6 2. e4 g5 3. Nc3 Bg7 4. Be3 d6 5. Qd2 a6 6. 0-0-0 b5 7. g3 Bb7 8. Bg2 Nf6 9. d5 c5 10. h3 Nbd7 11. f4 Qa5 12. e5 dxe5 13. d6 Bxg2 14. Qxg2 0-0 15. dxe7 Rfe8 16. fxg5 hxg5 17. Kb1 Rac8 18. Bxg5 Rxe7 19. Ne4 c4 20. Ne2 Nxe4 21. Qxe4 Nc5 22. Qg4 Rec7 23. Rd8+ Rxd8 24. Bxd8 Ne6 25. Bxc7 Qxc7 26. Rf1 b4 27. h4 b3 28. h5 bxc2+ 29. Kxc2 Qc6 30. Kb1 Qg2 31. Qf3 Qxf3 32. Rxf3 e4 33. Rf5 Bf8 34. g4 Nc5 35. Nc3 Kg7 36. Kc2 f6 37. Rxc5 Bxc5 38. Nxe4 Bb4 39. Nd2 Kh6 40. Nxc4 Kg5 41. Ne3 Bc5 42. Kd3 1-0

[Event "Newcastle Northumbria Masters"]
[Site "Newcastle on Tyne"]
[Date "2021.08.28"]
[Round "4"]
[White "Boswell, Jacob Connor"]
[Black "Basman, Michael J"]
[Result "1/2-1/2"]
[WhiteElo "2012"]
[BlackElo "2289"]
[PlyCount "74"]
[EventDate "2021.08.26"]
[EventType "swiss"]
[EventRounds "9"]
[EventCountry "ENG"]
[SourceTitle "CBM 204 Extra"]
[Source "ChessBase"]
[SourceDate "2021.11.30"]
[SourceVersion "1"]
[SourceVersionDate "2021.11.30"]
[SourceQuality "1"]

1. d4 b5 2. e4 a6 3. Be3 Bb7 4. Nd2 Nf6 5. f3 e6 6. a4 b4 7. Bd3 d5 8. c4 c5 9. exd5 exd5 10. Ne2 Nbd7 11. 0-0 Bd6 12. Bf4 Bxf4 13. Nxf4 0-0 14. Nxd5 Bxd5 15. cxd5 Nxd5 16. Re1 cxd4 17. Nb3 N7f6 18. Nxd4 Qb6 19. Kh1 Rad8 20. a5 Qd6 21. Nf5 Qc5 22. Qc1 Qxc1 23. Raxc1 g6 24. Ng3 Rd6 25. Bf1 Rfd8 26. Rcd1 Nf4 27. Rxd6 Rxd6 28. Kg1 Rc6 29. Ne2 Re6 30. g3 Nd3 31. Rd1 Nxb2 32. Rb1 Nd3 33. Nd4 Rd6 34. Bxd3 Rxd4 35. Bxa6 Rd5 36. Rxb4 Rxa5 37. Bc4 Ra7 1/2-1/2

[Event "Haarlem Masters"]
[Site "Haarlem"]
[Date "2018.10.24"]
[Round "5"]
[White "Bosboom, Manuel"]
[Black "Basman, Michael J"]
[Result "1-0"]
[WhiteElo "2404"]
[BlackElo "2313"]
[PlyCount "47"]
[EventDate "2018.10.20"]
[EventType "tourn"]
[EventRounds "9"]
[EventCountry "NED"]
[EventCategory "4"]
[SourceTitle "CBM 187 Extra"]
[Source "ChessBase"]
[SourceDate "2018.11.04"]
[SourceVersion "1"]
[SourceVersionDate "2018.11.04"]
[SourceQuality "1"]

1. c4 g5 2. h4 g4 3. g3 Bg7 4. Bg2 c5 5. e3 d6 6. Ne2 Nc6 7. d4 Bd7 8. Nbc3 Nf6 9. 0-0 0-0 10. Nd5 Nh5 11. Re1 Rc8 12. b3 e6 13. Nef4 Nxf4 14. Nxf4 cxd4 15. exd4 Bxd4 16. Bxc6 Bxa1 17. Bxb7 Rb8 18. Nh5 Qa5 19. Bg5 Bc3 20. b4 Qxb4 21. Nf6+ Kh8 22. Qd3 Bxf6 23. Bxf6+ Kg8 24. Qe3 1-0

[Event "Haarlem Masters"]
[Site "Haarlem"]
[Date "2018.10.20"]
[Round "1"]
[White "Basman, Michael J"]
[Black "Gijswijt, Bart"]
[Result "0-1"]
[WhiteElo "2313"]
[BlackElo "2321"]
[PlyCount "54"]
[EventDate "2018.10.20"]
[EventType "tourn"]
[EventRounds "9"]
[EventCountry "NED"]
[EventCategory "4"]
[SourceTitle "CBM 187 Extra"]
[Source "ChessBase"]
[SourceDate "2018.11.04"]
[SourceVersion "1"]
[SourceVersionDate "2018.11.04"]
[SourceQuality "1"]

1. g4 d5 2. h3 e5 3. Bg2 h5 4. c4 dxc4 5. gxh5 c6 6. Nc3 Nf6 7. b3 Nxh5 8. bxc4 Nf4 9. Bf1 Na6 10. d3 Bf5 11. Rb1 Nc5 12. Nf3 Qf6 13. Be3 Rd8 14. Na4 Ncxd3+ 15. exd3 Nxd3+ 16. Bxd3 Rxd3 17. Nd2 Qg6 18. Rb3 Bb4 19. Qe2 Rxb3 20. axb3 Bd3 21. Qf3 Be4 22. Qg3 Qxg3 23. fxg3 Bxh1 24. h4 b6 25. Ke2 Ke7 26. Nb2 Bxd2 27. Bxd2 Be4 0-1

[Event "Harrow Poobalasingam op 1st"]
[Site "Harrow"]
[Date "2018.09.09"]
[Round "6"]
[White "Basman, Michael J"]
[Black "Bates, Richard"]
[Result "0-1"]
[WhiteElo "2313"]
[BlackElo "2374"]
[PlyCount "70"]
[EventDate "2018.09.09"]
[EventType "swiss (rapid)"]
[EventRounds "6"]
[EventCountry "ENG"]
[SourceTitle "CBM 186 Extra"]
[Source "ChessBase"]
[SourceDate "2018.08.24"]
[SourceVersion "1"]
[SourceVersionDate "2018.08.24"]
[SourceQuality "1"]

1. g4 d5 2. h3 e5 3. Bg2 c6 4. d4 e4 5. c4 Bd6 6. Nc3 Ne7 7. Qc2 0-0 8. Bd2 a6 9. 0-0-0 b5 10. f3 exf3 11. Nxf3 bxc4 12. e4 Ng6 13. e5 Be7 14. g5 Be6 15. h4 Re8 16. h5 Nf8 17. Ne2 Qc8 18. Ng3 c5 19. g6 Nc6 20. gxf7+ Bxf7 21. dxc5 Qg4 22. Nf5 Be6 23. N3h4 Bxh4 24. Nxh4 Nd4 25. Qa4 Rab8 26. Qa3 Bf5 27. Bxd5+ Nfe6 28. Bxc4 Qe4 29. Bd3 Qxd3 30. Qxd3 Bxd3 31. b4 a5 32. Bc3 Ne2+ 33. Kd2 axb4 34. Kxd3 Nxc3 35. Nf5 Nxd1 0-1

[Event "BCF-ch Atkins op"]
[Site "Coventry"]
[Date "2015.08.02"]
[Round "4"]
[White "Basman, Michael J"]
[Black "Head, Louise"]
[Result "1-0"]
[WhiteElo "2324"]
[BlackElo "1912"]
[PlyCount "63"]
[EventDate "2015.07.31"]
[EventType "swiss"]
[EventRounds "5"]
[EventCountry "ENG"]
[SourceTitle "CBM 167 Extra"]
[Source "ChessBase"]
[SourceDate "2015.09.14"]
[SourceVersion "1"]
[SourceVersionDate "2015.09.14"]
[SourceQuality "1"]

1. g4 d5 2. h3 e5 3. Nf3 Bd6 4. d3 c6 5. c4 h5 6. gxh5 e4 7. dxe4 dxe4 8. Nd4 Rxh5 9. Nc3 f5 10. Rg1 Be5 11. e3 Rg5 12. Rxg5 Qxg5 13. Qb3 Ne7 14. c5 Qf6 15. Bd2 Nd7 16. Ne6 b6 17. cxb6 Nxb6 18. Nc5 Ned5 19. a4 Qe7 20. Nxd5 Nxd5 21. Bb5 Bd7 22. Rc1 Rd8 23. Nxd7 cxb5 24. Qxd5 Rxd7 25. Rc8+ Rd8 26. Rxd8+ Qxd8 27. Qxe5+ Kf7 28. Qxf5+ Kg8 29. Qe6+ Kh8 30. Bc3 Qh4 31. Qg4 Qe7 32. Qxg7+ 1-0

[Event "BCF-ch Atkins op"]
[Site "Coventry"]
[Date "2015.07.31"]
[Round "1"]
[White "Edwards, Simon R"]
[Black "Basman, Michael J"]
[Result "0-1"]
[WhiteElo "1927"]
[BlackElo "2324"]
[PlyCount "49"]
[EventDate "2015.07.31"]
[EventType "swiss"]
[EventRounds "5"]
[EventCountry "ENG"]
[SourceTitle "CBM 167 Extra"]
[Source "ChessBase"]
[SourceDate "2015.09.14"]
[SourceVersion "1"]
[SourceVersionDate "2015.09.14"]
[SourceQuality "1"]

1. e4 e6 2. d4 a6 3. c4 b5 4. cxb5 axb5 5. Bxb5 Bb7 6. Nc3 Bb4 7. Bd3 f5 8. Qb3 c5 9. dxc5 Qa5 10. Nge2 fxe4 11. Bc4 Na6 12. 0-0 Nxc5 13. Qc2 Nf6 14. Nb5 0-0 15. a3 Nd3 16. Be3 Rac8 17. Qb3 Be7 18. Nbc3 Qa8 19. Na4 Bd5 20. Bxd5 Qxd5 21. Qd1 Bd6 22. Nb6 Bxh2+ 23. Kxh2 Qh5+ 24. Kg3 Qg4+ 25. Kh2 0-1

[Event "London Classic rapid op 6th"]
[Site "London"]
[Date "2014.12.06"]
[Round "5"]
[White "Basman, Michael J"]
[Black "Giri, Anish"]
[Result "0-1"]
[WhiteElo "2330"]
[BlackElo "2776"]
[PlyCount "49"]
[EventDate "2014.12.06"]
[EventType "swiss (rapid)"]
[EventRounds "10"]
[EventCountry "ENG"]
[SourceTitle "CBM 163 Extra"]
[Source "ChessBase"]
[SourceDate "2014.12.23"]
[SourceVersion "1"]
[SourceVersionDate "2014.12.23"]
[SourceQuality "1"]

1. g4 d5 2. h3 e5 3. Bg2 c6 4. d4 e4 5. c4 Be6 6. Nc3 Ne7 7. f3 Ng6 8. fxe4 dxe4 9. Bxe4 Bxc4 10. Nf3 Bb4 11. Qc2 Nd7 12. h4 Nf6 13. h5 Ne7 14. h6 gxh6 15. Bxh6 Nxg4 16. Bg5 Qa5 17. Rh4 h5 18. a3 Bxc3+ 19. Qxc3 Qxc3+ 20. bxc3 f6 21. Bd2 Kf7 22. Bc2 Rae8 23. e3 Ng6 24. Bxg6+ Kxg6 25. 0-0-0 0-1

[Event "4NCL-ch rapid"]
[Site "Daventry"]
[Date "2013.10.06"]
[Round "3"]
[White "Kane, Robert"]
[Black "Basman, Michael J"]
[Result "0-1"]
[WhiteElo "1862"]
[BlackElo "2340"]
[PlyCount "98"]
[EventDate "2013.10.06"]
[EventType "swiss (rapid)"]
[EventRounds "7"]
[EventCountry "ENG"]
[SourceTitle "CBM 156 Extra"]
[Source "ChessBase"]
[SourceDate "2013.10.22"]
[SourceVersion "1"]
[SourceVersionDate "2013.10.22"]
[SourceQuality "1"]

1. d4 b5 2. Bf4 Bb7 3. Nf3 e6 4. e3 a6 5. Nbd2 Nf6 6. a4 b4 7. Bd3 h6 8. c4 g5 9. Bg3 h5 10. h4 g4 11. Ng5 Bxg2 12. Rg1 Bb7 13. e4 b3 14. Qxb3 Qc8 15. e5 Ng8 16. d5 a5 17. Be4 Bb4 18. dxe6 dxe6 19. 0-0-0 Na6 20. Bxb7 Qxb7 21. Nde4 Rb8 22. Qd3 Qc6 23. f4 Bc5 24. Rg2 Qxa4 25. Nc3 Qc6 26. f5 Nb4 27. Qe4 Qxe4 28. Ngxe4 Be3+ 29. Kb1 exf5 30. Nf6+ Nxf6 31. exf6 f4 32. Bf2 0-0 33. Bxe3 fxe3 34. Nd5 Rfe8 35. Re2 Rbd8 36. Rxe3 Rxe3 37. Nxe3 Rxd1+ 38. Nxd1 Kh7 39. Ne3 Kg6 40. Ng2 Kxf6 41. Nf4 Ke5 42. Nxh5 f5 43. Kc1 f4 44. Kd2 g3 45. Ke2 Nc6 46. Nxg3 fxg3 47. Kf3 Ne7 48. Kxg3 Nf5+ 49. Kg4 Nxh4 0-1

[Event "Civil Service op"]
[Site "London"]
[Date "2006.11.11"]
[Round "3"]
[White "Radovanovic, Jovica"]
[Black "Basman, Michael J"]
[Result "1-0"]
[WhiteElo "2264"]
[BlackElo "2300"]
[PlyCount "89"]
[EventDate "2006.11.11"]
[EventType "swiss"]
[EventRounds "5"]
[EventCountry "ENG"]
[SourceTitle "EXT 2008"]
[Source "ChessBase"]
[SourceDate "2007.11.25"]
[SourceVersion "1"]
[SourceVersionDate "2007.11.25"]
[SourceQuality "1"]

1. d4 b5 2. e4 Bb7 3. Nd2 a6 4. Ngf3 e6 5. Bd3 g5 6. 0-0 g4 7. Ne1 h5 8. Nb3 a5 9. a4 b4 10. f3 Nh6 11. Be3 d5 12. Bb5+ c6 13. Be2 Nd7 14. Nd3 Qc7 15. c3 bxc3 16. bxc3 gxf3 17. Bxf3 dxe4 18. Bxe4 Ng4 19. Bf4 Bd6 20. h3 f5 21. hxg4 fxe4 22. Bxd6 Qxd6 23. Nf4 Ba6 24. Ng6 Rh6 25. gxh5 Bxf1 26. Kxf1 Qg3 27. Nd2 Rh7 28. Qe1 Qd3+ 29. Kg1 e3 30. Nf3 Rb8 31. Rd1 Qc2 32. Rc1 Qf2+ 33. Qxf2 exf2+ 34. Kxf2 Rb2+ 35. Kg1 Rxh5 36. Re1 c5 37. Nf4 Rh6 38. Nxe6 Kf7 39. dxc5 Rh8 40. c6 Nb6 41. c7 Nc8 42. Nfg5+ Kg6 43. Rd1 Rh4 44. Nf3 Rxa4 45. Rd8 1-0

[Event "Donner Memorial op"]
[Site "Amsterdam"]
[Date "1996.??.??"]
[Round "2"]
[White "Basman, Michael J"]
[Black "Dao, Thien Hai"]
[Result "0-1"]
[WhiteElo "2360"]
[BlackElo "2535"]
[PlyCount "76"]
[EventDate "1996.08.17"]
[EventType "swiss"]
[EventRounds "11"]
[EventCountry "NED"]
[SourceTitle "EXT 1997"]
[Source "ChessBase"]
[SourceDate "1996.11.15"]
[SourceVersion "1"]
[SourceVersionDate "1996.11.15"]
[SourceQuality "1"]

1. h3 e5 2. a3 d5 3. c4 c6 4. Qc2 Bd6 5. d3 Ne7 6. Nc3 0-0 7. Nf3 Nd7 8. Bd2 Kh8 9. g4 Nc5 10. Bg2 Ne6 11. e3 Bd7 12. h4 f6 13. h5 b5 14. Nh4 bxc4 15. dxc4 e4 16. cxd5 cxd5 17. Nxd5 Nxd5 18. Bxe4 Ne7 19. Bxh7 Ng5 20. Bd3 Rc8 21. Bc3 Bxg4 22. Ng6+ Kg8 23. f4 Qb6 24. Qf2 Nf3+ 25. Kf1 Nd5 26. Kg2 Nxe3+ 27. Kg3 Ng5 28. Nxf8 Rxf8 29. h6 Nf5+ 30. Bxf5 Bxf5 31. Qxb6 axb6 32. hxg7 Kxg7 33. Bd4 Ne4+ 34. Kf3 Nd2+ 35. Ke3 Nb3 36. Rag1+ Kf7 37. Bxb6 Rb8 38. Rh6 Rxb6 0-1

[Event "Donner Memorial op"]
[Site "Amsterdam"]
[Date "1996.??.??"]
[Round "5"]
[White "Van Delft, Merijn"]
[Black "Basman, Michael J"]
[Result "1/2-1/2"]
[WhiteElo "2185"]
[BlackElo "2360"]
[PlyCount "79"]
[EventDate "1996.08.17"]
[EventType "swiss"]
[EventRounds "11"]
[EventCountry "NED"]
[SourceTitle "EXT 1997"]
[Source "ChessBase"]
[SourceDate "1996.11.15"]
[SourceVersion "1"]
[SourceVersionDate "1996.11.15"]
[SourceQuality "1"]

1. e4 h6 2. d4 a6 3. Nc3 e6 4. g3 b5 5. Bg2 Bb7 6. a3 Nf6 7. Nge2 d6 8. 0-0 Nbd7 9. Re1 c5 10. dxc5 Nxc5 11. Nf4 Qc7 12. Nh5 Nxh5 13. Qxh5 g6 14. Qe2 Bg7 15. Be3 0-0 16. Qd2 Kh7 17. Rad1 Rad8 18. Bd4 e5 19. Be3 Ne6 20. a4 Bc6 21. axb5 axb5 22. Ra1 Ra8 23. Red1 Nd4 24. Ne2 Nxe2+ 25. Qxe2 Qb7 26. Qd3 Rfc8 27. f3 Bf8 28. h4 b4 29. h5 Ba4 30. hxg6+ fxg6 31. Rac1 Rc7 32. Bh3 Bb5 33. Qd2 Bc4 34. f4 Bf7 35. Bg2 Ra2 36. Rb1 b3 37. c3 Ra8 38. Rf1 Bc4 39. Rf2 Rf7 40. f5 1/2-1/2

[Event "Hastings op 9495"]
[Site "Hastings"]
[Date "1995.??.??"]
[Round "9"]
[White "Basman, Michael J"]
[Black "Conquest, Stuart"]
[Result "0-1"]
[WhiteElo "2370"]
[BlackElo "2520"]
[PlyCount "72"]
[EventDate "1994.12.??"]
[EventType "swiss"]
[EventRounds "9"]
[EventCountry "ENG"]
[SourceTitle "EXT 1997"]
[Source "ChessBase"]
[SourceDate "1996.11.15"]
[SourceVersion "1"]
[SourceVersionDate "1996.11.15"]
[SourceQuality "1"]

1. f4 d5 2. e3 g6 3. Nf3 Bg7 4. c4 Nf6 5. Nc3 0-0 6. d4 c5 7. dxc5 Qa5 8. cxd5 Nxd5 9. Qxd5 Bxc3+ 10. bxc3 Qxc3+ 11. Kf2 Qxa1 12. Qd2 Nd7 13. Bb2 Qb1 14. h3 Nf6 15. Kg1 Bf5 16. Kh2 Qc2 17. g4 Qxd2+ 18. Nxd2 Rfd8 19. Bd4 Be6 20. Bg2 Bd5 21. g5 Bxg2 22. Kxg2 Nd5 23. Kg3 b6 24. Ne4 Rab8 25. Rc1 bxc5 26. Rxc5 Rb4 27. Ra5 Nxe3 28. Bxe3 Rxe4 29. Bxa7 Rd3+ 30. Kg4 h5+ 31. gxh6 f5+ 32. Kg5 Rg3+ 33. Kh4 Rg2 34. Bb8 Kh7 35. Ra6 Re3 36. Ba7 Rf3 0-1

[Event "Hastings op 9495"]
[Site "Hastings"]
[Date "1995.??.??"]
[Round "8"]
[White "Har Zvi, Ronen"]
[Black "Basman, Michael J"]
[Result "0-1"]
[WhiteElo "2500"]
[BlackElo "2370"]
[PlyCount "86"]
[EventDate "1994.12.??"]
[EventType "swiss"]
[EventRounds "9"]
[EventCountry "ENG"]
[SourceTitle "EXT 1997"]
[Source "ChessBase"]
[SourceDate "1996.11.15"]
[SourceVersion "1"]
[SourceVersionDate "1996.11.15"]
[SourceQuality "1"]

1. e4 c5 2. Nf3 e6 3. d4 cxd4 4. Nxd4 Bc5 5. Nb3 Bb6 6. Bd3 Ne7 7. 0-0 Nbc6 8. Nc3 0-0 9. Qh5 Ng6 10. Bg5 f6 11. Bd2 Nb4 12. Na4 Nxd3 13. Nxb6 axb6 14. cxd3 e5 15. f4 d5 16. f5 Ne7 17. Rf3 Qe8 18. Qh4 Ra4 19. Qe1 dxe4 20. dxe4 Nc6 21. Qh4 Rf7 22. Raf1 Re7 23. Rg3 Qf8 24. Nc1 Rd7 25. Be3 Rdd4 26. Bxd4 Nxd4 27. Qh5 Bd7 28. b3 Ra8 29. a4 b5 30. Rh3 h6 31. Rg3 Rc8 32. Qxh6 Rxc1 33. Rxc1 Ne2+ 34. Kf2 Nxg3 35. Qe3 Nh5 36. Qd3 Qe8 37. Rc7 Bc6 38. axb5 Bxb5 39. Qd5+ Kh7 40. g3 Bc6 41. Qe6 Qd8 42. Rxc6 Qd2+ 43. Kf3 Qxh2 0-1